header

The Hero Of Ticonderoga (Record no. 261772)

MARC details
000 -LEADER
fixed length control field 00243nam a22001097a 4500
020 ## - INTERNATIONAL STANDARD BOOK NUMBER
ISBN 0399235590
100 ## - MAIN ENTRY--AUTHOR NAME
Personal name Gail Gauthier
245 ## - TITLE STATEMENT
Title The Hero Of Ticonderoga
260 ## - PUBLICATION, DISTRIBUTION, ETC. (IMPRINT)
Place of publication New York
Name of publisher Penguin Group
Year of publication 2001
300 ## - PHYSICAL DESCRIPTION
Number of Pages 231 pgs
942 ## - ADDED ENTRY ELEMENTS (KOHA)
Koha item type Long Loan Books
Holdings
Withdrawn status Lost status Collection code Home library Current library Shelving location Date acquired Accession Number Koha item type
    Fiction Rongo University Library Rongo University Library Children's Area 23/11/2023 CL20210189 Long Loan Books

© 2026 Rongo University
Contact us: librarian | system librarian | Rongo university